| 000 -LEADER |
| fixed length control field |
00625cam a2200181 a 4500 |
| 020 ## - INTERNATIONAL STANDARD BOOK NUMBER |
| ISBN |
0618258000 |
| 020 ## - INTERNATIONAL STANDARD BOOK NUMBER |
| ISBN |
0618260226 (pbk.) |
| 040 ## - CATALOGING SOURCE |
| Transcribing agency |
IF9 |
| 082 00 - DEWEY DECIMAL CLASSIFICATION NUMBER |
| Classification number |
791 HOU 2002 A085 Or. |
| 100 1# - MAIN ENTRY--AUTHOR NAME |
| Personal name |
Sibley, Brian. |
| 245 14 - TITLE STATEMENT |
| Title |
The lord of the rings : |
| Remainder of title |
the making of the movie trilogy / |
| 260 ## - PUBLICATION, DISTRIBUTION, ETC. (IMPRINT) |
| Place of publication |
Boston : |
| Name of publisher |
Houghton Mifflin Company, |
| Year of publication |
c2002. |
| 300 ## - PHYSICAL DESCRIPTION |
| Number of Pages |
191 p. : |
| Other physical details |
ill. ; |
| Dimensions |
29 cm. |
| 856 42 - ELECTRONIC LOCATION AND ACCESS |
| Uniform Resource Identifier |
http://www.loc.gov/catdir/description/hm031/2003266645.html |
| 856 41 - ELECTRONIC LOCATION AND ACCESS |
| Uniform Resource Identifier |
http://www.loc.gov/catdir/toc/hm031/2003266645.html |
| 856 42 - ELECTRONIC LOCATION AND ACCESS |
| Uniform Resource Identifier |
http://www.loc.gov/catdir/enhancements/fy0736/2003266645-b.html |
| 942 ## - ADDED ENTRY ELEMENTS (KOHA) |
| Koha item type |
សៀវភៅភាសាអង់គ្លេស |
| 952 ## - LOCATION AND ITEM INFORMATION (KOHA) |
| Withdrawn status [LOCAL, KOHA] |
0 |